[Event "FRA-ch op-C"]
[Site "Nancy"]
[Date "2013.08.21"]
[Round "9"]
[White "Smadja, Paul"]
[Black "De Muyser, Xavier"]
[Result "0-1"]
[WhiteElo "1610"]
[BlackElo "1749"]
[PlyCount "100"]
[EventDate "2013.08.11"]
[EventType "swiss"]
[EventRounds "11"]
[EventCountry "FRA"]
[SourceTitle "CBM 156 Extra"]
[Source "ChessBase"]
[SourceDate "2013.10.22"]
[SourceVersion "1"]
[SourceVersionDate "2013.10.22"]
[SourceQuality "1"]

1. e4 d6 2. d4 Nf6 3. Nc3 c6 4. f4 Qc7 5. Nf3 Bg4 6. e5 Nd5 7. Bc4 e6 8. 0-0 Nd7 9. h3 Nxc3 10. bxc3 Bxf3 11. Qxf3 Nb6 12. Bd3 0-0-0 13. a4 a5 14. Bd2 d5 15. Rfb1 c5 16. dxc5 Bxc5+ 17. Be3 Nc4 18. Bxc5 Qxc5+ 19. Kh1 Nd2 20. Rb5 Qxb5 21. axb5 Nxf3 22. gxf3 b6 23. f5 Kd7 24. Rg1 g6 25. fxe6+ Kxe6 26. c4 Kxe5 27. cxd5 Kxd5 28. Rg5+ f5 29. Rg1 Rhe8 30. Ra1 Re3 31. Kg2 Ke5 32. Kf2 f4 33. Ra4 Rd4 34. Ra3 Rb4 35. Rc3 Rxb5 36. Rc7 Rxd3 37. cxd3 Rb2+ 38. Ke1 Kd4 39. Rxh7 Kxd3 40. Rh6 Ke3 41. Kd1 Rg2 42. Rh7 Kxf3 43. h4 Ke3 44. Rb7 Rb2 45. Rg7 f3 46. Rxg6 f2 47. Re6+ Kf3 48. Rf6+ Kg4 49. Kc1 Re2 50. Kd1 Re1+ 0-1